[Event "Plzen, FSB C"]
[Site "?"]
[Date "2004.??.??"]
[Round "5.7"]
[White "Pechat, J."]
[Black "Soutner, J."]
[Result "1-0"]
[WhiteElo "1775"]
[BlackElo "1703"]
[PlyCount "71"]
[EventDate "2004.??.??"]
[Source "ChessBase"]
[SourceDate "1996.11.15"]

1. e4 e5 2. f4 Bc5 3. Nf3 d6 4. c3 Nf6 5. d3 Nc6 6. Qe2 Bg4 7. h3 Bd7 8. Be3
Bxe3 9. Qxe3 exf4 10. Qxf4 Nh5 11. Qh2 Qe7 12. g4 Nf6 13. Nbd2 Ne5 14. O-O-O
Nxf3 15. Nxf3 O-O-O 16. Bg2 Be6 17. Kb1 Nd7 18. Rhe1 f6 19. Nd4 Kb8 20. Bh1 h5
21. Qg2 Ne5 22. Nxe6 Qxe6 23. d4 Nd7 24. e5 c6 25. d5 cxd5 26. exf6 Qxf6 27.
Qxd5 Nc5 28. b4 Qxc3 29. bxc5 Qb4+ 30. Qb3 Qxb3+ 31. axb3 dxc5 32. Bf3 h4 33.
Kc2 Kc7 34. Re7+ Kb6 35. Rxb7+ Ka6 36. Ra1# 1-0

[Event "Plzen, FSB C"]
[Site "?"]
[Date "2004.??.??"]
[Round "5.8"]
[White "van der Heide, G."]
[Black "Bukacek, L."]
[Result "0-1"]
[WhiteElo "1648"]
[BlackElo "1728"]
[PlyCount "82"]
[EventDate "2004.??.??"]
[Source "ChessBase"]
[SourceDate "1996.11.15"]

1. e4 e5 2. Nf3 Nc6 3. d4 exd4 4. Nxd4 Bc5 5. Nxc6 bxc6 6. Bc4 Qf6 7. O-O Ne7
8. Nc3 O-O 9. Na4 Bb4 10. c3 Ba5 11. Qh5 Bb6 12. Nxb6 axb6 13. Bd3 Ng6 14. e5
Qe7 15. f4 Ba6 16. Rf3 Bxd3 17. Rxd3 Rfd8 18. Rh3 Nf8 19. Be3 d6 20. a3 dxe5
21. Qxe5 Qxe5 22. fxe5 Rd5 23. Bf4 Ne6 24. Rf1 Nxf4 25. Rxf4 Rxe5 26. Rd3 Re7
27. Ra4 Rae8 28. Rd2 h6 29. Kf2 c5 30. b4 cxb4 31. cxb4 g5 32. g4 Kg7 33. Rd3
Kg6 34. b5 Re4 35. Rxe4 Rxe4 36. Kf3 Rc4 37. h3 f6 38. Ke3 h5 39. Rd4 Rc3+ 40.
Rd3 Rxd3+ 41. Kxd3 f5 0-1

[Event "Plzen, FSB C"]
[Site "?"]
[Date "2004.??.??"]
[Round "5.9"]
[White "Volf, M."]
[Black "Tenk, P."]
[Result "0-1"]
[WhiteElo "1611"]
[BlackElo "1806"]
[PlyCount "48"]
[EventDate "2004.??.??"]
[Source "ChessBase"]
[SourceDate "1996.11.15"]

1. e4 c5 2. Nf3 a6 3. c4 b6 4. d4 cxd4 5. Nxd4 Bb7 6. Nc3 Nc6 7. g3 Qc7 8. Bg2
e6 9. b3 Nf6 10. O-O h5 11. Re1 O-O-O 12. Nxc6 dxc6 13. Qc2 h4 14. Bf4 e5 15.
Bg5 hxg3 16. hxg3 Rh5 17. Bxf6 gxf6 18. Qe2 Rg5 19. Bh3+ Kb8 20. Rad1 Bc5 21.
Rxd8+ Qxd8 22. Rd1 Bd4 23. Qd2 Rxg3+ 24. Bg2 Qg8 0-1

[Event "Plzen, FSB C"]
[Site "?"]
[Date "2004.??.??"]
[Round "5.10"]
[White "Albrecht, J."]
[Black "Bolek, M."]
[Result "1-0"]
[WhiteElo "1657"]
[BlackElo "1554"]
[PlyCount "120"]
[EventDate "2004.??.??"]
[Source "ChessBase"]
[SourceDate "1996.11.15"]

1. e4 e5 2. Bc4 Nf6 3. Nc3 Nc6 4. Nf3 Bc5 5. O-O d6 6. h3 O-O 7. a3 Nxe4 8.
Bxf7+ Rxf7 9. Nxe4 Bb6 10. c3 h6 11. d4 Qf8 12. Kh2 d5 13. Ng3 e4 14. Ng1 Rxf2
15. Be3 Rxf1 16. Nxf1 Ne7 17. Ng3 c6 18. Qh5 Bc7 19. N1e2 Be6 20. Kg1 Qf7 21.
Rf1 Qxh5 22. Nxh5 Rf8 23. Rxf8+ Kxf8 24. Kf2 Bf7 25. Nhg3 Bg6 26. b3 Nf5 27.
Nxf5 Bxf5 28. g4 Bd7 29. Bf4 Bxf4 30. Nxf4 Kf7 31. b4 Kf6 32. Kg3 g5 33. Nh5+
Kg6 34. Kf2 b6 35. Ke3 Bc8 36. Ng3 Be6 37. Kf2 Kf6 38. Nh5+ Kf7 39. Ng3 Bc8 40.
Ke3 a5 41. Nh5 axb4 42. axb4 Ke6 43. Ng7+ Kd6 44. Nh5 c5 45. bxc5+ bxc5 46. Ng3
cxd4+ 47. cxd4 Be6 48. Kd2 Bd7 49. Ke3 Kc6 50. Nh5 Be6 51. Ng3 Bf7 52. Kd2 Kb5
53. Ke3 Kc4 54. Nf5 Kc3 55. Nxh6 Be8 56. Ng8 Bb5 57. Nf6 Bc4 58. Nh7 Bf1 59.
Nxg5 Bg2 60. h4 Bf3 1-0

[Event "Plzen, FSB C"]
[Site "?"]
[Date "2004.??.??"]
[Round "5.11"]
[White "Reznicek, M."]
[Black "Malek, M."]
[Result "1-0"]
[WhiteElo "1411"]
[BlackElo "1642"]
[PlyCount "67"]
[EventDate "2004.??.??"]
[Source "ChessBase"]
[SourceDate "1996.11.15"]

1. e4 c5 2. d4 cxd4 3. c3 Nf6 4. e5 Nd5 5. cxd4 e6 6. Bc4 Nc6 7. Nf3 d6 8. O-O
a6 9. Qe2 Be7 10. Rd1 O-O 11. Nbd2 b5 12. Bb3 Na5 13. Bc2 Nb4 14. Bxh7+ Kh8 15.
Bb1 g6 16. Bxg6 fxg6 17. Qe4 Bb7 18. Qxg6 Bxf3 19. Nxf3 Rxf3 20. Qh5+ Kg8 21.
Qxf3 Qf8 22. Qg4+ Kh8 23. Qh5+ Kg8 24. Qg6+ Qg7 25. Qxe6+ Kh8 26. exd6 Nac6 27.
dxe7 Qxe7 28. Qxe7 Nxe7 29. Be3 Nf5 30. d5 Nxe3 31. fxe3 Nc2 32. Rac1 Nxe3 33.
d6 Nxd1 34. d7 1-0

[Event "Plzen, FSB C"]
[Site "?"]
[Date "2004.??.??"]
[Round "5.12"]
[White "Sefrna, F."]
[Black "Verf, F."]
[Result "1-0"]
[WhiteElo "1615"]
[BlackElo "1638"]
[PlyCount "59"]
[EventDate "2004.??.??"]
[Source "ChessBase"]
[SourceDate "1996.11.15"]

1. e4 c5 2. Nf3 g6 3. d4 cxd4 4. Nxd4 Bg7 5. Be3 Nc6 6. Nc3 Nf6 7. f3 d6 8. Bc4
O-O 9. Qd2 Bd7 10. O-O-O Rc8 11. Bb3 Na5 12. g4 Nxb3+ 13. axb3 Qa5 14. h4 b5
15. h5 b4 16. Nb1 gxh5 17. gxh5 Nxh5 18. Qh2 Nf6 19. Rdg1 Kh8 20. Bg5 h5 21.
Bxf6 exf6 22. Nf5 Bxf5 23. Qxh5+ Kg8 24. exf5 Rxc2+ 25. Kxc2 Rc8+ 26. Kd1 Qd5+
27. Nd2 Kf8 28. Rxg7 Kxg7 29. Qg4+ Kf8 30. Rh8+ 1-0

[Event "Plzen, FSB C"]
[Site "?"]
[Date "2004.??.??"]
[Round "5.13"]
[White "Chloupek, J."]
[Black "Martan, P."]
[Result "1-0"]
[WhiteElo "1743"]
[BlackElo "1000"]
[PlyCount "59"]
[EventDate "2004.??.??"]
[Source "ChessBase"]
[SourceDate "1996.11.15"]

1. c4 c5 2. Nc3 e5 3. d3 Nf6 4. Nf3 Nc6 5. g3 d5 6. Bg5 Be7 7. Bxf6 Bxf6 8.
Nxd5 Be6 9. e4 O-O 10. Bg2 Bxd5 11. cxd5 Qa5+ 12. Qd2 Nb4 13. O-O Qd8 14. a3
Na6 15. Rac1 Rc8 16. Rc2 Qd7 17. Rfc1 Rc7 18. h4 h6 19. Kh2 b6 20. Bh3 Qd6 21.
Bf1 Bd8 22. d4 exd4 23. Bxa6 f5 24. e5 Qg6 25. Qf4 Kh8 26. Nxd4 cxd4 27. Rxc7
Bxc7 28. Rxc7 Rf7 29. d6 Qe6 30. Bc4 1-0

[Event "Plzen, FSB C"]
[Site "?"]
[Date "2004.??.??"]
[Round "5.14"]
[White "Schanilec, M."]
[Black "Stanek, V."]
[Result "1/2-1/2"]
[WhiteElo "1488"]
[BlackElo "1654"]
[PlyCount "39"]
[EventDate "2004.??.??"]
[Source "ChessBase"]
[SourceDate "1996.11.15"]

1. e4 d6 2. d4 Nf6 3. Nc3 g6 4. Bd2 Bg7 5. Bc4 Nc6 6. Bb5 Bd7 7. Nf3 a6 8. Ba4
b5 9. Bb3 Na5 10. Nd5 c6 11. Nxf6+ Bxf6 12. Bh6 Bg4 13. h3 Nxb3 14. hxg4 Nxa1
15. g5 Nxc2+ 16. Qxc2 Rc8 17. gxf6 Qa5+ 18. Nd2 Qxa2 19. fxe7 Kxe7 20. O-O
1/2-1/2

[Event "Plzen, FSB C"]
[Site "?"]
[Date "2004.??.??"]
[Round "5.15"]
[White "Vitous, V."]
[Black "Fastova, K."]
[Result "1-0"]
[WhiteElo "1553"]
[BlackElo "1636"]
[PlyCount "81"]
[EventDate "2004.??.??"]
[Source "ChessBase"]
[SourceDate "1996.11.15"]

1. d4 Nf6 2. c4 e5 3. d5 d6 4. Nc3 Bf5 5. Bg5 Be7 6. Bxf6 Bxf6 7. e4 Bg6 8. Be2
a5 9. Bg4 O-O 10. Qa4 Na6 11. Qc2 Nc5 12. Nge2 Bg5 13. O-O Nxe4 14. Nxe4 f5 15.
Nxg5 Qxg5 16. Bh3 f4 17. Qd2 Qh4 18. f3 Rf6 19. Qe1 Qg5 20. g4 fxg3 21. hxg3
Bd3 22. Rf2 Bxc4 23. Qc1 Qxc1+ 24. Rxc1 Bxd5 25. Rxc7 Rb8 26. Nc3 Bc6 27. f4
exf4 28. Rxf4 Rxf4 29. gxf4 h6 30. Kf2 Rf8 31. Kg3 Rf6 32. Bd7 Bh1 33. f5 Kh7
34. Be6 Rf8 35. Kf4 Kh8 36. Kg4 b6 37. Nd5 Be4 38. Rf7 Rb8 39. Kh5 Bf3+ 40. Kg6
Be4 41. Rxg7 1-0

[Event "Plzen, FSB C"]
[Site "?"]
[Date "2004.??.??"]
[Round "5.16"]
[White "Lasik, P."]
[Black "Talma, K."]
[Result "0-1"]
[WhiteElo "1390"]
[BlackElo "1823"]
[PlyCount "32"]
[EventDate "2004.??.??"]
[Source "ChessBase"]
[SourceDate "1996.11.15"]

1. d4 d5 2. c4 c6 3. Nc3 Bf5 4. Nf3 Nf6 5. e3 e6 6. c5 b6 7. b4 e5 8. b5 bxc5
9. Ba3 c4 10. Bxf8 Kxf8 11. bxc6 Nxc6 12. Nh4 Bg6 13. Nxg6+ hxg6 14. Rb1 Rb8
15. Rb5 Qd6 16. h3 Rxb5 0-1

[Event "Plzen, FSB C"]
[Site "?"]
[Date "2004.??.??"]
[Round "5.17"]
[White "Hahn, C."]
[Black "Polak, M."]
[Result "1-0"]
[WhiteElo "1601"]
[BlackElo "1368"]
[PlyCount "63"]
[EventDate "2004.??.??"]
[Source "ChessBase"]
[SourceDate "1996.11.15"]

1. e4 e5 2. Nf3 Nc6 3. Bc4 Nf6 4. d3 Bc5 5. c3 O-O 6. b4 Bb6 7. a4 a6 8. O-O d6
9. Be3 Bxe3 10. fxe3 Bg4 11. Nbd2 Ne7 12. Qb3 h6 13. d4 Ng6 14. b5 a5 15. Bd3
b6 16. h3 Bxf3 17. Rxf3 Nh4 18. Rf2 Qe7 19. Nf1 Nh5 20. Be2 Nf6 21. Ng3 Kh8 22.
Bc4 Kg8 23. Raf1 Rad8 24. Nh5 d5 25. Nxf6+ gxf6 26. Bxd5 Rd6 27. c4 f5 28. exf5
exd4 29. exd4 Qg5 30. c5 Rf6 31. Rf4 Rxf5 32. Rg4 1-0

[Event "Plzen, FSB C"]
[Site "?"]
[Date "2004.??.??"]
[Round "5.18"]
[White "Hava, R."]
[Black "Fakan, P."]
[Result "1-0"]
[WhiteElo "1557"]
[BlackElo "1200"]
[PlyCount "55"]
[EventDate "2004.??.??"]
[Source "ChessBase"]
[SourceDate "1996.11.15"]

1. e4 e6 2. c4 d5 3. exd5 exd5 4. cxd5 Nf6 5. Nc3 Nxd5 6. d4 Be6 7. Nf3 Be7 8.
Bd3 Nc6 9. O-O Qd7 10. Re1 O-O-O 11. Bb5 a6 12. Ba4 Bf6 13. Bb3 h5 14. Bg5 h4
15. Ne4 Bxg5 16. Nfxg5 Nf4 17. Nc5 Qe7 18. Ncxe6 fxe6 19. Bxe6+ Kb8 20. Qg4
Rxd4 21. Bb3 Ne5 22. Qf5 Re8 23. Nf7 Nfd3 24. Re3 Nxf2 25. Qxf2 Ng4 26. Rxe7
Rxe7 27. Qxd4 Nf6 28. Qd8+ 1-0

[Event "Plzen, FSB C"]
[Site "?"]
[Date "2004.??.??"]
[Round "5.19"]
[White "Veenstra, C."]
[Black "Krizek, A."]
[Result "1-0"]
[WhiteElo "1474"]
[BlackElo "1000"]
[PlyCount "37"]
[EventDate "2004.??.??"]
[Source "ChessBase"]
[SourceDate "1996.11.15"]

1. d4 d5 2. Nf3 Nc6 3. c4 dxc4 4. Nc3 e6 5. e4 Bb4 6. Bxc4 h6 7. O-O Bxc3 8.
bxc3 Nge7 9. d5 Na5 10. Qa4+ c6 11. d6 b5 12. dxe7 Kxe7 13. Qb4+ Ke8 14. Be2 f6
15. Nh4 h5 16. Ba3 Kf7 17. Rad1 Qc7 18. Bxh5+ Rxh5 19. Qf8# 1-0

[Event "Plzen, FSB C"]
[Site "?"]
[Date "2004.??.??"]
[Round "6.1"]
[White "Hava, J."]
[Black "Rouc, M."]
[Result "1/2-1/2"]
[WhiteElo "1871"]
[BlackElo "1776"]
[PlyCount "54"]
[EventDate "2004.??.??"]
[Source "ChessBase"]
[SourceDate "1996.11.15"]

1. e4 e5 2. Nf3 Nc6 3. Bc4 Nf6 4. Ng5 d5 5. exd5 Na5 6. Bb5+ c6 7. dxc6 bxc6 8.
Qf3 Rb8 9. Bxc6+ Nxc6 10. Qxc6+ Nd7 11. d3 Be7 12. Nf3 O-O 13. Qe4 Rb4 14. Qe2
e4 15. dxe4 Nc5 16. Be3 Ba6 17. Qd2 Qb8 18. Nc3 Rxb2 19. Nd4 Qb7 20. f3 Rd8 21.
Kf2 Nd3+ 22. Kg3 Qc7+ 23. Kh3 Rxd4 24. Bxd4 Bc8+ 25. g4 Nf4+ 26. Kg3 Ne2+ 27.
Kh3 Nf4+ 1/2-1/2

[Event "Plzen, FSB C"]
[Site "?"]
[Date "2004.??.??"]
[Round "6.2"]
[White "Konigs, C."]
[Black "Nathansky, D."]
[Result "1/2-1/2"]
[WhiteElo "1768"]
[BlackElo "1771"]
[PlyCount "121"]
[EventDate "2004.??.??"]
[Source "ChessBase"]
[SourceDate "1996.11.15"]

1. e4 c5 2. Nf3 d6 3. Nc3 a6 4. d4 cxd4 5. Nxd4 Nf6 6. Be2 e6 7. O-O Be7 8. Be3
O-O 9. f4 Nc6 10. f5 Nxd4 11. Bxd4 e5 12. Be3 b5 13. Bf3 Bb7 14. a3 Rc8 15. Qd3
Qc7 16. Bg5 Qc4 17. Rad1 Rfd8 18. Rf2 Kf8 19. Rfd2 Ne8 20. Be3 Nf6 21. Bg5 Ne8
22. Be3 Qxd3 23. Rxd3 Rc4 24. Bb6 Rdc8 25. Ba5 Nf6 26. Re1 Rd4 27. Ree3 Rxd3
28. Rxd3 Rc4 29. b3 Rc8 30. Bb4 Rd8 31. Kf2 Ke8 32. Ke3 Rd7 33. a4 Bc6 34. axb5
axb5 35. Rd1 Kd8 36. Be2 d5 37. Bxe7+ Kxe7 38. exd5 Nxd5+ 39. Nxd5+ Rxd5 40.
Rxd5 Bxd5 41. Bxb5 Bxg2 42. b4 g6 43. Bd3 Bh3 44. fxg6 hxg6 45. c4 Bg2 46. c5
Kd7 47. b5 Kc7 48. Be4 Bf1 49. b6+ Kb8 50. c6 f5 51. Bd5 Bb5 52. h4 Ba4 53. Kd2
Bb5 54. Ke3 Ba4 55. c7+ Kc8 56. Be6+ Bd7 57. Bxd7+ Kxd7 58. Kd3 Kc8 59. Kc4 f4
60. Kb5 Kb7 61. Kc4 1/2-1/2

[Event "Plzen, FSB C"]
[Site "?"]
[Date "2004.??.??"]
[Round "6.3"]
[White "Pechat, J."]
[Black "Szarowski, D."]
[Result "1-0"]
[WhiteElo "1775"]
[BlackElo "1889"]
[PlyCount "115"]
[EventDate "2004.??.??"]
[Source "ChessBase"]
[SourceDate "1996.11.15"]

1. e4 d5 2. exd5 Qxd5 3. Nc3 Qa5 4. Qf3 Nf6 5. Bc4 c6 6. h3 Qf5 7. d3 e5 8. Bd2
Bc5 9. Qxf5 Bxf5 10. Nf3 O-O 11. O-O Re8 12. Rae1 Nbd7 13. Ng5 Bg6 14. Re2 b5
15. Bb3 a5 16. a4 b4 17. Nce4 h6 18. Nxf6+ Nxf6 19. Ne4 Nxe4 20. dxe4 Red8 21.
Be3 Bxe3 22. Rxe3 Rd4 23. Rfe1 c5 24. c3 Rd2 25. Bd5 Rb8 26. b3 Kf8 27. cxb4
cxb4 28. Rc1 f5 29. exf5 Rxd5 30. fxg6 Rb6 31. Rf3+ Rf6 32. Rc8+ Ke7 33. Rc7+
Ke6 34. Rg3 Rd1+ 35. Kh2 Rd7 36. Rc2 Kf5 37. Rc5 Rxg6 38. Rf3+ Ke4 39. Rxa5 Rd5
40. Re3+ Kd4 41. Ra7 Rf6 42. Kg1 g5 43. Rb7 Kc5 44. Rb5+ Kd6 45. Rxb4 Rd1+ 46.
Kh2 Rxf2 47. Rb6+ Kc5 48. Rxh6 Kd4 49. Rg3 Rb1 50. Rg6 Rff1 51. Rg4+ e4 52.
R6xg5 Rh1+ 53. Kg3 Rxb3+ 54. Kh4 Ra1 55. g3 Rxa4 56. Rxe4+ Kxe4 57. Rg4+ Kf5
58. Rxa4 {68 tahu} 1-0

[Event "Plzen, FSB C"]
[Site "?"]
[Date "2004.??.??"]
[Round "6.4"]
[White "Bartonicek, Z."]
[Black "Dvorak, M."]
[Result "0-1"]
[WhiteElo "1771"]
[BlackElo "1796"]
[PlyCount "108"]
[EventDate "2004.??.??"]
[Source "ChessBase"]
[SourceDate "1996.11.15"]

1. d4 Nf6 2. Bg5 e6 3. Bxf6 Qxf6 4. g3 c5 5. c3 cxd4 6. cxd4 Bb4+ 7. Nc3 Nc6 8.
e3 O-O 9. Bg2 b6 10. Nge2 Ba6 11. O-O Bxc3 12. bxc3 Rac8 13. Qd2 Na5 14. Rfc1
Bxe2 15. Qxe2 d5 16. e4 dxe4 17. Bxe4 Nc4 18. Bd3 Nd6 19. a4 Rc7 20. Rab1 g6
21. f4 Rxc3 22. Qe5 Qxe5 23. dxe5 Rxd3 24. exd6 Rxd6 25. Rc7 a5 26. Rb5 Rfd8
27. Rb7 Kg7 28. R5xb6 Rxb6 29. Rxb6 Rd4 30. Kf2 Rxa4 31. Kf3 h5 32. Ra6 Kf6 33.
Ra7 Ra1 34. Kg2 a4 35. Kf3 a3 36. Kf2 a2 37. Kg2 Kg7 38. Kh3 Kf8 39. Kg2 f6 40.
Kh3 g5 41. fxg5 fxg5 42. Ra5 Kf7 43. Ra7+ Kf6 44. Ra6 Kf5 45. Ra5+ e5 46. Kg2
Ke4 47. Ra8 Ke3 48. Ra7 e4 49. Ra8 Ke2 50. Ra7 e3 51. Ra8 g4 52. Ra7 Kd3 53.
Ra8 e2 54. Rd8+ Kc4 0-1

[Event "Plzen, FSB C"]
[Site "?"]
[Date "2004.??.??"]
[Round "6.5"]
[White "Zach, T."]
[Black "Cerny, V."]
[Result "0-1"]
[WhiteElo "1709"]
[BlackElo "1659"]
[PlyCount "81"]
[EventDate "2004.??.??"]
[Source "ChessBase"]
[SourceDate "1996.11.15"]

1. d4 Nf6 2. Bg5 Ne4 3. Bf4 c5 4. e3 Nc6 5. d5 e5 6. Bg3 Qa5+ 7. Nd2 Nxg3 8.
hxg3 Ne7 9. c4 d6 10. e4 g6 11. f4 Bg7 12. Qc2 O-O 13. Bd3 f5 14. Ne2 fxe4 15.
Bxe4 Bf5 16. O-O-O Qxa2 17. Rdf1 exf4 18. Nxf4 Qa1+ 19. Qb1 Qxb1+ 20. Kxb1 Bd7
21. Nf3 Nf5 22. Bxf5 Bxf5+ 23. Ka2 Bf6 24. Nh4 Bg4 25. Nhxg6 hxg6 26. Nxg6 Rf7
27. Rxf6 Rxf6 28. Rh8+ Kg7 29. Rxa8 Kxg6 30. Rxa7 Be2 31. Ra4 Rf2 32. b4 Bxc4+
33. Kb1 Bxd5 34. bxc5 dxc5 35. Ra5 Be4+ 36. Ka1 Rf5 37. Rb5 Bxg2 38. Kb2 Bc6
39. Ra5 Kf6 40. Kc2 Ke6 41. Kd2 0-1

[Event "Plzen, FSB C"]
[Site "?"]
[Date "2004.??.??"]
[Round "6.6"]
[White "Tenk, P."]
[Black "Albrecht, J."]
[Result "1/2-1/2"]
[WhiteElo "1806"]
[BlackElo "1657"]
[PlyCount "76"]
[EventDate "2004.??.??"]
[Source "ChessBase"]
[SourceDate "1996.11.15"]

1. d4 d5 2. e3 Nf6 3. Bd3 g6 4. f4 Bg4 5. Nf3 Nc6 6. c3 a6 7. Nbd2 Bg7 8. Qb3
b5 9. O-O Bxf3 10. Nxf3 O-O 11. Ne5 Nxe5 12. fxe5 Ng4 13. e4 c6 14. h3 Nh6 15.
Bg5 Kh8 16. Rf3 f6 17. exf6 exf6 18. Bxh6 Bxh6 19. exd5 cxd5 20. a4 bxa4 21.
Qxa4 Qd6 22. b4 Rfe8 23. b5 axb5 24. Qxa8 Rxa8 25. Rxa8+ Bf8 26. Bxb5 Kg7 27.
Ra6 Qe7 28. Raxf6 Qxf6 29. Rxf6 Kxf6 30. Bc6 Ke6 31. Kf2 h6 32. Ke3 Bd6 33. Kd3
g5 34. Kc2 h5 35. g4 hxg4 36. hxg4 Bf4 37. Kb3 Kd6 38. Bb7 Be3 1/2-1/2

[Event "Plzen, FSB C"]
[Site "?"]
[Date "2004.??.??"]
[Round "6.7"]
[White "Bukacek, L."]
[Black "Reznicek, M."]
[Result "1-0"]
[WhiteElo "1728"]
[BlackElo "1411"]
[PlyCount "69"]
[EventDate "2004.??.??"]
[Source "ChessBase"]
[SourceDate "1996.11.15"]

1. b3 e5 2. Bb2 d6 3. e3 c5 4. Bc4 Nf6 5. Nc3 g6 6. Nd5 Bg7 7. Ne2 O-O 8. Nec3
a6 9. a4 Nc6 10. O-O Be6 11. Rb1 Nxd5 12. Nxd5 Kh8 13. f4 Rc8 14. e4 Bxd5 15.
Bxd5 exf4 16. Bxg7+ Kxg7 17. Rxf4 Qd7 18. Qf3 Nd4 19. Qd3 f5 20. c3 fxe4 21.
Rxe4 Nc6 22. Be6 Qc7 23. Bxc8 Rxc8 24. Rbe1 Ne5 25. Qe3 b6 26. d4 cxd4 27. cxd4
Nf7 28. Re7 Qc2 29. Rf1 Rf8 30. Qe6 Qd3 31. Rexf7+ Rxf7 32. Qxf7+ Kh6 33. Qf8+
Kg5 34. Qf4+ Kh5 35. Qf3+ 1-0

[Event "Plzen, FSB C"]
[Site "?"]
[Date "2004.??.??"]
[Round "6.8"]
[White "Sefrna, F."]
[Black "Pasek, M."]
[Result "1-0"]
[WhiteElo "1615"]
[BlackElo "1710"]
[PlyCount "65"]
[EventDate "2004.??.??"]
[Source "ChessBase"]
[SourceDate "1996.11.15"]

1. e4 d6 2. d4 Nf6 3. Nc3 g6 4. f4 Bg7 5. Nf3 c5 6. Bb5+ Bd7 7. e5 Bxb5 8. exf6
Bxf6 9. Nxb5 Qa5+ 10. Nc3 Nc6 11. Be3 Qb4 12. O-O Qxb2 13. Nd5 O-O 14. Nxf6+
exf6 15. dxc5 Qa3 16. Qd3 Qxd3 17. cxd3 dxc5 18. Bxc5 Rfd8 19. Rad1 Rd7 20. Bf2
f5 21. Ne5 Rd6 22. d4 Rad8 23. Rb1 Na5 24. Rbc1 f6 25. Nf3 Nc6 26. Rfe1 Nb4 27.
Rc7 Nxa2 28. Rxb7 a6 29. Ree7 Nc3 30. Rg7+ Kf8 31. Rxh7 Ne2+ 32. Kf1 Nxf4 33.
Rh8# 1-0

[Event "Plzen, FSB C"]
[Site "?"]
[Date "2004.??.??"]
[Round "6.9"]
[White "Kang, MY."]
[Black "Smid, J."]
[Result "0-1"]
[WhiteElo "1589"]
[BlackElo "1752"]
[PlyCount "40"]
[EventDate "2004.??.??"]
[Source "ChessBase"]
[SourceDate "1996.11.15"]

1. e4 d6 2. d4 Nf6 3. Bd3 g6 4. c4 Bg7 5. Be3 c5 6. Ne2 cxd4 7. Nxd4 Nc6 8. h3
Nd7 9. Nxc6 bxc6 10. Nc3 Bxc3+ 11. bxc3 Qa5 12. Qc2 c5 13. f4 f6 14. Rb1 Ba6
15. h4 Kf7 16. h5 Nb6 17. g4 Bxc4 18. Rxb6 Bxd3 19. Qxd3 axb6 20. Qd5+ Kg7 0-1

[Event "Plzen, FSB C"]
[Site "?"]
[Date "2004.??.??"]
[Round "6.10"]
[White "van der Heide, G."]
[Black "Chloupek, J."]
[Result "0-1"]
[WhiteElo "1648"]
[BlackElo "1743"]
[PlyCount "70"]
[EventDate "2004.??.??"]
[Source "ChessBase"]
[SourceDate "1996.11.15"]

1. e4 c5 2. Nc3 d6 3. f4 e6 4. Nf3 Ne7 5. d4 Bd7 6. dxc5 dxc5 7. Ne5 Nec6 8.
Nxd7 Nxd7 9. Be3 Be7 10. Qd2 O-O 11. Bd3 a6 12. O-O-O Nf6 13. h3 b5 14. e5 Nd5
15. Be4 Nxe3 16. Qxe3 Qc7 17. g4 Rad8 18. Ne2 c4 19. c3 b4 20. Kb1 a5 21. Rc1
Rb8 22. cxb4 Rxb4 23. Rc2 Rfb8 24. Rd1 a4 25. g5 R4b6 26. Bxc6 Qxc6 27. Nd4 Qb7
28. Rdd2 c3 29. Rh2 Rxb2+ 30. Rxb2 cxb2 31. Qc3 a3 32. Nc6 Bb4 33. Nxb4 Qxb4
34. Rc2 Qe4 35. Qc7 Qe1+ 0-1

[Event "Plzen, FSB C"]
[Site "?"]
[Date "2004.??.??"]
[Round "6.11"]
[White "Soutner, J."]
[Black "Vitous, V."]
[Result "1-0"]
[WhiteElo "1703"]
[BlackElo "1553"]
[PlyCount "59"]
[EventDate "2004.??.??"]
[Source "ChessBase"]
[SourceDate "1996.11.15"]

1. e4 e5 2. Nf3 Nc6 3. Bb5 a6 4. Ba4 Nf6 5. O-O b5 6. Bb3 Bb7 7. Re1 Bc5 8. c3
d6 9. d4 Bb6 10. Bg5 h6 11. Bh4 Qd7 12. a4 O-O-O 13. axb5 axb5 14. Na3 g5 15.
Bg3 exd4 16. Nxb5 dxc3 17. Nxc3 Rhg8 18. Nd5 Nxd5 19. Bxd5 Na5 20. Bxb7+ Kxb7
21. Qd3 Ra8 22. Qd5+ Nc6 23. e5 Bc5 24. exd6 cxd6 25. Ne5 Qe8 26. Nxf7 Rf8 27.
Nxd6+ Bxd6 28. Bxd6 Rxa1 29. Rxa1 Qd7 30. Qb5+ 1-0

[Event "Plzen, FSB C"]
[Site "?"]
[Date "2004.??.??"]
[Round "6.12"]
[White "Talma, K."]
[Black "Hahn, C."]
[Result "1-0"]
[WhiteElo "1823"]
[BlackElo "1601"]
[PlyCount "89"]
[EventDate "2004.??.??"]
[Source "ChessBase"]
[SourceDate "1996.11.15"]

1. Nf3 Nf6 2. g3 g6 3. b4 Bg7 4. Bb2 d6 5. Bg2 O-O 6. O-O a6 7. c4 e5 8. d3 Nc6
9. a3 Be6 10. Nbd2 Ng4 11. Rc1 Rb8 12. Rc2 f5 13. Qa1 Rf7 14. h3 Nf6 15. Ng5
Re7 16. Nxe6 Rxe6 17. Qa2 Qe7 18. c5 Rd8 19. Bxc6 bxc6 20. cxd6 Qxd6 21. Nc4
Qd5 22. Bxe5 Rd7 23. Bxf6 Bxf6 24. Na5 Qxa2 25. Rxa2 Be7 26. Rc2 c5 27. bxc5
Rd5 28. Nb3 h5 29. h4 g5 30. hxg5 Bxg5 31. f4 Be7 32. Kf2 Kg7 33. d4 Rd8 34. e3
Kh6 35. Kf3 Rg6 36. Rg2 Rb8 37. Rb1 Rbg8 38. Rbg1 Rb8 39. Nd2 Rb2 40. Nc4 Rb3
41. Ne5 Rg7 42. Rh1 h4 43. g4 fxg4+ 44. Rxg4 Rxa3 45. Rhxh4+ 1-0

[Event "Plzen, FSB C"]
[Site "?"]
[Date "2004.??.??"]
[Round "6.13"]
[White "Stanek, V."]
[Black "Veenstra, C."]
[Result "1-0"]
[WhiteElo "1654"]
[BlackElo "1474"]
[PlyCount "67"]
[EventDate "2004.??.??"]
[Source "ChessBase"]
[SourceDate "1996.11.15"]

1. e4 e5 2. Nc3 Nc6 3. Bc4 Be7 4. d3 d6 5. f4 exf4 6. Bxf4 Nf6 7. Nf3 Bg4 8. h3
Bxf3 9. Qxf3 Nd4 10. Qf2 Nc6 11. Nd5 O-O 12. Nxe7+ Qxe7 13. a3 Kh8 14. O-O-O
Ne5 15. Ba2 b5 16. g4 Ng8 17. Bd2 a5 18. d4 Nd7 19. Bd5 Ra7 20. Rde1 f6 21. Qg3
Rb8 22. g5 b4 23. a4 c5 24. Be3 Nb6 25. dxc5 dxc5 26. Qxb8 Nxd5 27. exd5 Rb7
28. Qg3 c4 29. gxf6 Nxf6 30. Bd4 Qd7 31. Bxf6 gxf6 32. Rhg1 Qf7 33. d6 Rd7 34.
Re7 1-0

[Event "Plzen, FSB C"]
[Site "?"]
[Date "2004.??.??"]
[Round "6.14"]
[White "Malek, M."]
[Black "Hava, R."]
[Result "0-1"]
[WhiteElo "1642"]
[BlackElo "1557"]
[PlyCount "62"]
[EventDate "2004.??.??"]
[Source "ChessBase"]
[SourceDate "1996.11.15"]

1. d4 d5 2. Nf3 c6 3. e3 f5 4. Ne5 Nf6 5. f4 e6 6. Bd3 g6 7. b3 Bd6 8. Ba3 Bxa3
9. Nxa3 Qa5+ 10. Qd2 Qxa3 11. O-O Nbd7 12. b4 Ne4 13. Bxe4 fxe4 14. Rfb1 Nxe5
15. fxe5 O-O 16. b5 Bd7 17. Rb3 Qe7 18. b6 a6 19. a4 Rf5 20. Rf1 Rxf1+ 21. Kxf1
Rf8+ 22. Kg1 c5 23. dxc5 Qxc5 24. Qc3 Qxc3 25. Rxc3 Rc8 26. Rxc8+ Bxc8 27. a5
Kf7 28. g4 g5 29. c3 Ke7 30. Kg2 h6 31. Kg3 Kd7 0-1

[Event "Plzen, FSB C"]
[Site "?"]
[Date "2004.??.??"]
[Round "6.16"]
[White "Martan, P."]
[Black "Volf, M."]
[Result "1-0"]
[WhiteElo "1000"]
[BlackElo "1611"]
[PlyCount "61"]
[EventDate "2004.??.??"]
[Source "ChessBase"]
[SourceDate "1996.11.15"]

1. e4 e5 2. Nf3 Nc6 3. Bc4 Bc5 4. c3 d6 5. d4 exd4 6. cxd4 Bb4+ 7. Nc3 Nf6 8.
Bg5 O-O 9. O-O Bxc3 10. bxc3 Re8 11. Re1 h6 12. Bxf6 Qxf6 13. h3 Bd7 14. Rb1
Rab8 15. Qe2 Qf4 16. Qd3 Ne7 17. Bb5 c6 18. Ba4 Be6 19. c4 Nc8 20. Bc2 Nb6 21.
d5 Bd7 22. e5 g6 23. Re4 Bf5 24. Rxf4 Bxd3 25. Bxd3 dxe5 26. Re4 cxd5 27. cxd5
Nxd5 28. Rxe5 Red8 29. Rbe1 Kf8 30. Bc4 Nb6 31. Bb3 {43 tahu} 1-0